Central Library OPAC University of Rajshahi

البلاغة الواضحة : البيان-المعاني-البديع ودليل البلاغة الواضحة;; albalaghat alwadihat : albayanu-almaeani-albadie wadalil albalaghat alwadiha / (Record no. 78221)

MARC details
000 -LEADER
fixed length control field 01051aaa a2200241 a 4500
001 - CONTROL NUMBER
control field 78221
003 - CONTROL NUMBER IDENTIFIER
rucl marc code BD-RjUL
005 - DATE AND TIME OF LATEST TRANSACTION
control field 20211209083115.0
008 - FIXED-LENGTH DATA ELEMENTS--GENERAL INFORMATION
fixed length control field 210822s2005 qa ||||| |||| 00| 0 ara d
020 ## - INTERNATIONAL STANDARD BOOK NUMBER
International Standard Book Number 1086122977
035 ## - SYSTEM CONTROL NUMBER
System control number (BD-RjUL)78447
040 ## - CATALOGING SOURCE
Original cataloging agency BD-RjUL
Language of cataloging eng
Transcribing agency BD-RjUL
041 ## - LANGUAGE CODE
Language code of text/sound track or separate title ara
082 ## - DEWEY DECIMAL CLASSIFICATION NUMBER
Edition number 23
Classification number 492.70141
Author mark and year AMB 2005
100 1# - MAIN ENTRY--PERSONAL NAME
Personal name أمين، مصطفى (لغوي), علي الجارم ;; Amin, Mustafa (linguist); Ali Al-Garm
9 (RLIN) 245974
245 13 - TITLE STATEMENT
Title البلاغة الواضحة : البيان-المعاني-البديع ودليل البلاغة الواضحة;; albalaghat alwadihat : albayanu-almaeani-albadie wadalil albalaghat alwadiha /
Statement of responsibility, etc. Ali Al-Jarm and Mustafa Amin ;; علي الجارم و مصطفى أمين
260 ## - PUBLICATION, DISTRIBUTION, ETC. (IMPRINT)
Place of publication, distribution, etc. القاهرة : .
Name of publisher, distributor, etc. الدار المصرية السعودية،
Date of publication, distribution, etc. 2005 1426
Place of publication, distribution, etc. alqahirat :
Name of publisher, distributor, etc. aldaar almisriat alsueudiatu,
Date of publication, distribution, etc. 2005
300 ## - PHYSICAL DESCRIPTION
Pagination 496 p. ;
Size 26 cm
650 ## - SUBJECT ADDED ENTRY--TOPICAL TERM
Topical term or geographic name as entry element Arabic language
Form subdivision Rhetoric.
9 (RLIN) 247062
700 ## - ADDED ENTRY--PERSONAL NAME
Personal name Amin, Mustafa
942 ## - ADDED ENTRY ELEMENTS (KOHA)
Source of classification or shelving scheme Dewey Decimal Classification
Koha item type Books
Holdings
Lost status Source of classification or shelving scheme Damaged status Not for loan Collection code Permanent Location Current Location Shelving location Date acquired Source of acquisition Cost, normal purchase price Total Checkouts Full call number Date last seen Copy number Koha item type
  Dewey Decimal Classification   Not For Loan Non-fiction Central Library, University of Rajshahi Central Library, University of Rajshahi Reading Room 10/07/2008 Maktabatul arabia, Dhaka 600.00   A 492.70141 AMB 2005 22/08/2021 C-1 Books